| 000 | 00892nam a2200265 a 4500 | ||
|---|---|---|---|
| 001 | 000023691 | ||
| 005 | 20200930022408.0 | ||
| 008 | 101220s2000 sp r 000 | spa d | ||
| 040 |
_aDO-SdBNP _bspa _cBNPHU |
||
| 041 |
_afre _hspa _2Código de idioma MARC |
||
| 082 |
_a154.634 _bF889i |
||
| 100 | 1 |
_aFreud, Sigmund _917429 |
|
| 240 | 1 | 0 |
_aDie Traumdeutung. _lespañol |
| 245 | 1 | 3 |
_aLa interpretación de los sueños / _cSigmund Freud ; traducción Luis Lopez-Ballesteros y de Torres. |
| 260 |
_aMadrid : _bAlienza, _c2000. |
||
| 300 |
_a3 v. ; _c18 cm. |
||
| 440 | 3 |
_aEl Libro de Bolsillo _94072 |
|
| 500 | _aLa biloteca posee el volumen uno | ||
| 534 |
_aTítulo original : _tDie Traumdeutung. |
||
| 650 | 4 |
_aSueños _941871 |
|
| 650 | 4 |
_aPsicoanálisis _91958 |
|
| 700 | 1 |
_aLopez-Ballesteros y de Torres, Luis _etr. _945226 |
|
| 830 | 3 |
_aEl Libro de Bolsillo ; _94072 |
|
| 049 | _aBNGR | ||
| 999 |
_c23187 _d23187 |
||